Normal view
MARC view
- Torelli Giuseppe
Entry Personal Name
001 - CONTROL NUMBER
- control field: 17384
003 - CONTROL NUMBER IDENTIFIER
- control field: IT-RoPau
005 - DATE AND TIME OF LATEST TRANSACTION
- control field: 20140324221035.0
008 - FIXED-LENGTH DATA ELEMENTS
- fixed length control field: 140324|| aca||aabn | a|a d
040 ## - CATALOGING SOURCE
- Original cataloging agency: IT-RoPau
- Transcribing agency: IT-RoPau
100 ## - HEADING--PERSONAL NAME
- Personal name: Torelli Giuseppe
- Dates associated with a name: Codice autore musica SPICS: 9947
- Relator term: Autore musica
- Name of part/section of a work: Concerto in re maggiore per tromba
670 ## - SOURCE DATA FOUND
- Source citation: Work cat.: (IT-RoPau)100145: AA.VV. 794, Vivaldi e i grandi musicisti italiani del '600 e '700-vol. 7